00945nam a2200217 a 450000100100000000500170001000800410002704000250006808200180009310000260011124501290013726000820026630000350034849000440038350400290042765000490045665000550050565000670056065000680062783000320069500000646620200929153932.0090831s1990 dr a 000 0 spa d aDO-SdBNPbspacBNPHU a305.42bG633p1 aGómez, Carmen Julia10aLa problemática de las jefas del hogar :bevidencia de la insubordinación social de las mujeres /cCarmen Julia Gómez. aSanto Domingo, :bCentro de Investigación para la Acción Femenina,c1990. a61 p. :bil., tablas ;c21 cm.1 aColección Concurso de Investigación aBibliografía: p.59-61. 4aDerechos de la mujerzRepública Dominicana 4aMujeresxSituación legalzRepública Dominicana 4aMujeresxCuestiones sociales y moraleszRepública Dominicana 4aDiscriminación sexual contra la mujerzRepública Dominicana 0aConcurso de Investigación